College Quizbowl Stats
College Quizbowl Stats
Circuits
Seasons
Sets
Records
Detailed Stats
About
Loading...
2024 Booster Shot (Columbia)
Tossups
Bonuses
Players
Teams
Categories (Tossup)
Categories (Bonus)
Simon Emmanuel
Rutgers A
Categories
Category
Powers
Gets
Negs
BBs
Points
Earliest Buzz
Avg. Buzz
First Buzzes
Top 3 Buzzes
History - European History
0
2
0
0
20
72
95.50
0
1
History - American History
0
2
1
1
15
89
111.00
0
1
Religion
1
0
0
0
15
31
31.00
1
1
Science - Other Science
0
1
0
0
10
115
115.00
0
0
Social Science
0
0
1
0
-5
0.00
0
0
Buzzes
Category
Answer
Value
Buzz Position
Religion
Brahmin
15
31
History - American History
Pueblo people
-5
55
History - European History
Nuremberg
10
72
Social Science
corporate personhood
-5
87
History - American History
Battle of Lake Erie
10
89
Science - Other Science
railways
10
115
History - European History
Tony Blair
10
119
History - American History
1930s
10
133
Previous
1
Next